Casting a shadow (Record no. 80359)

MARC details
000 -LEADER
fixed length control field 01276cab a22002775a 4500
001 - CONTROL NUMBER
control field L144140
008 - FIXED-LENGTH DATA ELEMENTS--GENERAL INFORMATION
fixed length control field 080624e20080621xxka F v 000 0 eng d
035 ## - SYSTEM CONTROL NUMBER
System control number (Sirsi) u144140
041 0# - LANGUAGE CODE
Language code of text/sound track or separate title eng
100 1# - MAIN ENTRY--PERSONAL NAME
Personal name Francis, Andrew
245 00 - TITLE STATEMENT
Title Casting a shadow
260 ## - PUBLICATION, DISTRIBUTION, ETC.
Date of publication, distribution, etc. 2008
490 #0 - SERIES STATEMENT
Series statement Estates Gazette
Volume/sequential designation (0824) 21 June 2008, 134-135(2)
520 ## - SUMMARY, ETC.
Summary, etc. Explains how development clauses are increasingly being included in commercial leases (and some freehold transfers) to prevent rights to light being acquired. Explains the problems that such provisions can cause, and how they work in practice, with reference to the case of RHJ Ltd v FT Patten (Holdings) Ltd and other relevant cases. Proposes an alternative approach to the standard development clause.
590 ## - LOCAL NOTE (RLIN)
Local note KA
650 24 - SUBJECT ADDED ENTRY--TOPICAL TERM
Topical term or geographic name entry element LAW OF PROPERTY ACT 1925
650 24 - SUBJECT ADDED ENTRY--TOPICAL TERM
Topical term or geographic name entry element RHJ LTD V FT PATTEN (HOLDINGS) LTD AND ANOTHER
650 24 - SUBJECT ADDED ENTRY--TOPICAL TERM
Topical term or geographic name entry element MORGAN V FEAR
650 24 - SUBJECT ADDED ENTRY--TOPICAL TERM
Topical term or geographic name entry element WHEELDON V BURROWS
650 24 - SUBJECT ADDED ENTRY--TOPICAL TERM
Topical term or geographic name entry element REGAN V PAUL PROPERTIES LTD AND OTHERS
650 24 - SUBJECT ADDED ENTRY--TOPICAL TERM
Topical term or geographic name entry element TAMARES (VINCENT SQUARE) LTD V FAIRPOINT PROPERTIES (VINCENT SQUARE) LTD
651 #4 - SUBJECT ADDED ENTRY--GEOGRAPHIC NAME
Geographic name England and Wales
Chronological subdivision 1543-
690 ## - LOCAL SUBJECT ADDED ENTRY--TOPICAL TERM (OCLC, RLIN)
Topical term or geographic name as entry element PROPERTY-PROPERTY MANAGEMENT-EASEMENTS-RIGHTS TO LIGHT DETERMINATION-RIGHTS TO LIGHT
700 1# - ADDED ENTRY--PERSONAL NAME
Personal name Humphreys, Emma
942 ## - ADDED ENTRY ELEMENTS (KOHA)
Suppress in OPAC 0
Holdings
Withdrawn status Lost status Source of classification or shelving scheme Damaged status Not for loan Home library Current library Shelving location Date acquired Total Checkouts Full call number Barcode Date last seen Copy number Price effective from Koha item type
    Dewey Decimal Classification     London London Journal article 24/06/2008   L144140 144140-1001 06/08/2019 1 06/08/2019 Journal article